Top 500 NBA Players of all time - Statistics

General Stats
  • This quiz has been taken 6,097 times
    6,081 since last reset
  • The average score is 113 of 500
Answer Stats
# Answer % Correct
1 Michael Jordan
96%
30 Lebron James
95%
10 Kobe Bryant
79%
52 Dennis Johnson
76%
281 Eddie Johnson
76%
65 Gus Johnson
76%
183 Joe Johnson
76%
361 John Johnson
76%
101 Kevin Johnson
76%
172 Larry Johnson
76%
6 Magic Johnson
76%
116 Marques Johnson
76%
228 Mickey Johnson
76%
74 Neil Johnson
76%
395 Steve Johnson
76%
339 Vinnie Johnson
76%
448 Dell Curry
75%
9 Larry Bird
74%
173 Jermaine O'Neal
73%
7 Kareem Abdul Jabbar
73%
387 Lloyd Neal
73%
485 Avery Johnson
72%
260 David West
72%
11 Jerry West
72%
4 Shaquille O'Neal
72%
2 Wilt Chamberlain
71%
3 Bill Russell
69%
351 Campy Russell
69%
219 Cazzie Russell
69%
8 Tim Duncan
67%
210 Jeff Malone
64%
17 Karl Malone
64%
15 Moses Malone
64%
26 Scottie Pippen
63%
48 Dwyane Wade
59%
13 Hakeem Olajuwon
59%
271 Clifford Robinson
58%
284 Cliff Robinson
58%
24 David Robinson
58%
47 Dennis Rodman
58%
364 Flynn Robinson
58%
245 Glenn Robinson
58%
239 Truck Robinson
58%
21 John Stockton
57%
39 Allen Iverson
56%
193 Alvin Robertson
56%
29 Kevin Garnett
56%
5 Oscar Robertson
56%
49 Steve Nash
56%
292 Lucius Allen
55%
78 Ray Allen
55%
'106 Chris Paul
54%
62 David Thompson
54%
382 Mychal Thompson
54%
138 Tony Parker
54%
18 Isiah Thomas
53%
16 Julius Erving
53%
19 Charles Barkley
52%
54 Dirk Nowitzki
52%
27 Jason Kidd
52%
76 Paul Pierce
52%
367 Ricky Pierce
52%
433 Adrian Smith
51%
23 Bob Cousy
51%
446 Charles Smith
51%
305 Elmore Smith
51%
321 Fred Carter
51%
320 Kenny Smith
51%
388 Larry Smith
51%
141 Phil Smith
51%
491 PJ Smith
51%
165 Randy Smith
51%
355 Steve Smith
51%
98 Vince Carter
51%
36 Patrick Ewing
50%
170 Chris Bosh
49%
95 Pau Gasol
49%
254 Andre Miller
48%
104 Carmelo Anthony
48%
429 Mike Miller
48%
53 Reggie Miller
48%
96 Tracy McGrady
48%
241 AC Green
47%
406 Antonio Davis
47%
198 Baron Davis
47%
41 Clyde Drexler
47%
405 Dale Davis
47%
85 Dwight Howard
47%
423 Johnny Davis
47%
161 Johnny Green
47%
447 Josh Howard
47%
374 Juwon Howard
47%
103 Walter Davis
47%
25 Kevin McHale
46%
158 Bobby Jones
45%
99 Buck Williams
45%
266 Caldwell Jones
45%
127 Deron Williams
45%
261 Eddie Jones
45%
12 Elgin Baylor
45%
38 Gary Payton
45%
148 Gus Williams
45%
421 Hot Rod Williams
45%
455 Jason Williams
45%
177 KC Jones
45%
317 Ray Williams
45%
64 Sam Jones
45%
466 Wali Jones
45%
122 Ben Wallace
44%
322 Gerald Wallace
44%
155 Rasheed Wallace
44%
153 Yao Ming
44%
16 John Havlicek
43%
142 Manu Ginobili
43%
42 Dominique Wilkins
42%
444 Gerald Wilkins
42%
57 James Worthy
42%
129 Penny Hardaway
42%
86 Tim Hardaway
42%
14 Bob Pettit
41%
73 Bill Walton
40%
91 Bob Love
40%
28 George Mikan
40%
362 Jalen Rose
40%
343 Jim Jackson
40%
327 Luke Jackson
40%
159 Mark Jackson
40%
66 Robert Parish
40%
149 Shawn Kemp
40%
441 Spud Webb
40%
372 Stephen Jackson
40%
22 Elvin Hayes
39%
44 George Gervin
39%
72 Alonzo Mourning
38%
94 Dikembe Mutombo
38%
146 Red Kerr
38%
123 Chauncey Billups
37%
77 Joe Dumars
37%
32 Wes Unseld
37%
297 Glen Rice
36%
20 Rick Barry
36%
35 Walt Frazier
36%
31 Willis Reed
36%
97 Grant Hill
35%
419 Tyrone Hill
35%
81 Alex English
34%
79 Chris Webber
34%
45 Bob McAdoo
33%
417 Brian Grant
33%
87 Chris Mullin
33%
150 Horace Grant
33%
59 Pete Maravich
33%
117 Jo Jo White
32%
143 Amare Stoudemire
31%
296 Damon Stoudemire
31%
304 Fred Brown
31%
443 Albert King
29%
237 Antoine Walker
29%
68 Bernard King
29%
234 Bill Laimbeer
29%
109 Chet Walker
29%
154 Mark Price
29%
43 Dave Cowens
28%
369 Derek Fisher
27%
483 Manute Bol
27%
222 Richard Hamilton
27%
326 Ron Harper
27%
83 Artis Gilmore
26%
51 Nate Archibald
26%
287 Phil Ford
26%
34 Dolph Schayes
25%
349 Muggsy Bogues
25%
224 Peja Stojakovic
25%
354 Robert Horry
25%
151 Shawn Marion
25%
249 Toni Kukoc
25%
82 Adrian Dantley
24%
325 Byron Scott
24%
131 Charlie Scott
24%
46 Earl Monroe
24%
37 Jerry Lucas
24%
263 John Lucas
24%
134 Maurice Lucas
24%
33 Nate Thurmond
24%
182 Gilbert Arenas
23%
315 Kenny Anderson
23%
121 Maurice Cheeks
23%
88 Mitch Richmond
23%
344 Nick Anderson
23%
89 Sidney Moncrief
23%
276 Vlade Divac
23%
346 Al Jefferson
22%
171 Bill Bradley
22%
61 Bob Lanier
22%
323 Caron Butler
22%
229 Jason Richardson
22%
379 Jason Terry
22%
111 Kevin Porter
22%
378 Mark Eaton
22%
187 Michael Ray Richardson
22%
70 Paul Arizin
22%
389 Pooh Richardson
22%
399 Quentin Richardson
22%
375 Richard Jefferson
22%
166 Terry Porter
22%
40 Billy Cunningham
21%
370 John Starks
21%
301 Rashard Lewis
21%
221 Reggie Lewis
21%
220 Dale Ellis
20%
58 Hal Greer
20%
269 Jack Martin
20%
298 Kenyon Martin
20%
453 Kevin Martin
20%
462 LaPhonso Ellis
20%
71 Lenny Wilkens
20%
136 Michael Cooper
20%
223 Michael Redd
20%
352 Monta Ellis
20%
100 Slater Martin
20%
212 Charles Oakley
19%
56 Dave Bing
19%
176 Elton Brand
19%
200 Lamar Odom
19%
164 Larry Nance
19%
225 Latrell Sprewell
19%
250 Mike Bibby
19%
275 Rik Smits
19%
194 Sam Cassell
19%
272 Zach Randolph
19%
274 Bob Boozer
18%
205 Carlos Boozer
18%
251 Ralph Sampson
18%
196 Stephon Marbury
18%
356 Tayshaun Prince
18%
119 Tom Chambers
18%
332 Andre Iguodala
17%
330 Arvydas Sabonis
17%
283 Bill Cartwright
17%
437 BJ Armstrong
17%
480 Clyde Lee
17%
319 Danny Ainge
17%
75 Dave DeBusschere
17%
456 David Lee
17%
460 Grant Long
17%
264 Jeff Hornacek
17%
481 John Long
17%
307 Sam Perkins
17%
195 World B. Free
17%
102 Brad Daugherty
16%
216 Cedric Maxwell
16%
482 Clifford Ray
16%
118 Jack Sikma
16%
227 Steve Francis
16%
397 Vernon Maxwell
16%
246 Bruce Bowen
15%
458 Devin Harris
15%
278 Doc Rivers
15%
440 Jim Paxson
15%
337 Kevin Willis
15%
207 Marcus Camby
15%
186 Mark Aguirre
15%
333 Michael Adams
15%
50 Walt Bellamy
15%
324 Allan Houston
14%
235 Antwan Jamison
14%
335 Ben Gordon
14%
55 Connie Hawkins
14%
105 Dan Issel
14%
425 Don Nelson
14%
197 Fat Lever
14%
381 Hersey Hawkins
14%
438 Jamal Crawford
14%
345 Jameer Nelson
14%
139 Metta World Peace
14%
167 Rolando Blackman
14%
67 Tom Heinsohn
14%
232 Austin Carr
13%
69 Bill Sharman
13%
156 Calvin Murphy
13%
294 Jerry Stackhouse
13%
413 Kenny Carr
13%
286 Michael Finley
13%
393 ML Carr
13%
426 Troy Murphy
13%
435 Andrei Kirilenko
12%
181 Derrick Coleman
12%
108 Jamaal Wilkes
12%
214 John Williamson
12%
125 Lou Hudson
12%
291 Nick Van Exel
12%
268 Otis Thorpe
12%
179 Jamal Mashburn
11%
416 Luol Deng
11%
93 Spencer Haywood
11%
341 Vin Baker
11%
412 Andrew Bogut
10%
253 Anthony Mason
10%
90 Bob Dandridge
10%
262 Dan Majerle
10%
331 Danny Granger
10%
211 Danny Manning
10%
293 Mike Mitchell
10%
140 Paul Westphal
10%
208 Rod Strickland
10%
309 Sean Elliott
10%
407 Christian Laettner
9%
342 Darryl Dawkins
9%
452 Hedo Turkoglu
9%
63 Joe Fulks
9%
191 Kiki Vandeweghe
9%
126 Rudy Tomjanovich
9%
442 Shane Battier
9%
464 Tree Rollins
9%
257 Doug Christie
8%
60 Jack Twyman
8%
420 Jerome Kersey
8%
178 Jerry Sloan
8%
162 John Drew
8%
458 Kendall Gill
8%
373 Larry Drew
8%
185 Norm Nixon
8%
137 Paul Silas
8%
363 Scott Skiles
8%
302 Tom Sanders
8%
280 Xavier McDaniel
8%
371 Antonio McDyess
7%
359 Chuck Person
7%
84 Cliff Hagan
7%
107 George McGinnis
7%
110 George Yardley
7%
128 Guy Rodgers
7%
400 Kermit Washington
7%
467 Larry Hughes
7%
277 Sleepy Floyd
7%
334 Billy Knight
6%
391 Corey Maggette
6%
495 Cuttino Mobley
6%
402 Keith Van Horn
6%
493 Kevin Duckworth
6%
350 Mahmoud Abdul-Rauf
6%
112 Richie Guerin
6%
270 Terrell Brandon
6%
411 Al Harrington
5%
132 Bob Davies
5%
403 Cedric Ceballos
5%
494 Chris Kaman
5%
308 Dick Barnett
5%
310 Dick Van Arsdale
5%
430 Eddie Miles
5%
80 Ed Macauley
5%
478 Elden Campbell
5%
450 Emeka Okafor
5%
152 Gene Shu
5%
288 Jeff Mullins
5%
92 Jim Pollard
5%
306 Joe Barry Carroll
5%
457 Kerry Kittles
5%
404 Michael Brooks
5%
231 Orlando Woolridge
5%
259 Rony Seikaly
5%
409 Thurl Bailey
5%
311 Tom Van Arsdale
5%
496 David Wesley
4%
497 Pervis Ellison
4%
314 Theo Ratliff
4%
476 Dana Barros
3%
432 Herm Gilliam
3%
336 Jay Vincent
3%
184 Joe Caldwell
3%
318 Lionel Hollins
3%
398 Michael Cage
3%
434 Rex Chapman
3%
445 Sam Bowie
3%
303 Sam Lacey
3%
256 Shareef Abdul-Rahim
3%
163 Tom Gola
3%
376 Vern Fleming
3%
316 Wayman Tisdale
3%
299 Calvin Natt
2%
410 Mike Woodson
2%
390 Nate McMillian
2%
300 Swen Nater
2%
174 Andrew Toney
1%
168 Andy Phillip
1%
124 Bailey Howell
1%
199 Bill Bridges
1%
157 Bobby Wanzer
1%
169 Clyde Lovellette
1%
428 Curtis Rowe
1%
247 Detlef Shrempf
1%
120 Dick McGuire
1%
295 Don Chaney
1%
190 Doug Collins
1%
133 Harry Gallatin
1%
463 Jay Humphries
1%
201 Kelly Tripucka
1%
285 Kenny Sears
1%
135 Larry Foust
1%
387 Lonnie Shelton
1%
113 Norm Van Lier
1%
160 Otis Birdsong
1%
130 Phil Chenier
1%
384 Ray Felix
1%
175 Reggie Theus
1%
213 Sidney Wicks
1%
147 Terry Cummings
1%
202 Wayne Embry
1%
114 Willie Naulls
1%
115 Zelmo Beaty
1%
243 Zydrunas Ilguaskas
1%
427 Al Attles
0%
204 Alvan Adams
0%
489 Antoine Carr
0%
188 Archie Clark
0%
360 Armen Gilliam
0%
215 Arnie Risen
0%
461 Billy Owens
0%
474 Bob Kauffman
0%
180 Bob Rule
0%
267 Brian Winters
0%
424 Bucky Bockhorn
0%
209 Carl Braun
0%
236 Clark Kellogg
0%
470 Clem Haskins
0%
265 Dan Roundfield
0%
217 Darrell Griffith
0%
436 Dave Greenwood
0%
226 Derek Haroer
0%
401 Derrick McKey
0%
386 Dick Garmaker
0%
465 Don Buse
0%
414 Don Kojis
0%
206 Don Ohl
0%
492 Drew Gooden
0%
282 Eddie Johnson
0%
454 Eric Money
0%
422 Ernie DiGregorio
0%
252 Frank Ramsey
0%
471 Gar Heard
0%
486 Gene Banks
0%
258 Geoff Petrie
0%
329 Greg Ballard
0%
255 Happy Hairston
0%
418 James Edwards
0%
240 Jeff Ruland
0%
338 Jim Chones
0%
238 Jim McMillian
0%
189 Jimmy Walker
0%
396 Jim Washington
0%
484 Joe Graboski
0%
490 Joe Smith
0%
380 Johnny Dawkins
0%
368 John Shumate
0%
469 Jon McGlocklin
0%
392 Junior Bridgeman
0%
451 Kelvin Ransey
0%
408 Ken Norman
0%
385 Kevin Loughery
0%
279 Larry Costello
0%
192 Larry Kenon
0%
328 Lionel Simmons
0%
475 Loy Vaught
0%
468 Marvin Webster
0%
233 Max Zaslofsky
0%
289 Mel Hutchins
0%
366 Mike Bantom
0%
383 Mike Newlin
0%
477 Mitch Kupchak
0%
203 Mookie Blaycock
0%
353 Nat Clifton
0%
348 Paul Pressey
0%
473 Phil Hubbard
0%
230 Purvis Short
0%
244 Quinn Buckner
0%
439 Quintin Dailey
0%
218 Ray Scott
0%
488 Reggie Williams
0%
365 Ricky Sobers
0%
479 Robert Reid
0%
347 Rodney McCray
0%
415 Ron Behagen
0%
431 Roy Hinson
0%
340 Roy Tarpley
0%
145 Rudy Larosso
0%
487 Sarunas Marciulionis
0%
273 Scott Wedman
0%
357 Sherman Douglas
0%
312 Slick Watts
0%
377 Steve Stipanovich
0%
472 Terry Catledge
0%
248 Terry Dischinger
0%
290 Tom Gugliotto
0%
313 Tom Meschery
0%
144 Vern Mikkelson
0%
459 Wally Szczerbiak
0%
242 Walter Dukes
0%
358 Walt Hazzard
0%
394 Woody Sauldsberry
0%
449 Zaid Abdul-Aziz
0%
No matching quizzes found
Score Distribution
Percent of People with Each Score
Percentile by Number Answered
Your Score History
You have not taken this quiz since the last reset